00705nam a2200205Ia 4500003000900000008004100009040001600050080001500066245008800081260002800169300001500197650003600212650004100248650003800289650002800327700003400355942000700389999001300396952009000409IN-BaIIA211028s9999 xx 000 0 eng d cIIA Library a03:53bGLA 2aA dictionary of applied physicsbvol. II, electricitycedited by Richard Glazebrook aLondonbMacmillanc1922 avii,1104p. aApplied Physics Dictionary9601 aAstronomy and Astrophysics Thesaurus aDictionaries-Applied Physics9602 aPhysics Dictionary9603 aGlazebrook, Richard, ed.9604 cBK c302d302 00104070aBANbKODcGENd0000-00-00l0o03:53/ GLAp291r2021-11-05w0000-00-00yBK